Metody sinteza sistem upravlenija matrično-strukturnyje preobrazovanija i algoritmy upravljajuščich CVM
Salvato in:
| Autore principale: | |
|---|---|
| Altri autori: | , |
| Natura: | Libro |
| Lingua: | russo |
| Pubblicazione: |
Moskva
Mašinostrojenije
1981
|
| Edizione: | 2. pererab. i dopoln. izd. |
| Tags: |
Nessun Tag, puoi essere il primo ad aggiungerne!!
|
MARC
| LEADER | 00000nam a2200000 4500 | ||
|---|---|---|---|
| 001 | c129498 | ||
| 005 | 20150325105529.2 | ||
| 041 | 0 | |a rus | |
| 044 | |a RU | ||
| 245 | 1 | 0 | |a Metody sinteza sistem upravlenija |b matrično-strukturnyje preobrazovanija i algoritmy upravljajuščich CVM |c Viktor Vasil'jevič Barkovskij, Viktor Vasil'jevič Zacharov, Aleksandr Stepanovič Šatalov |
| 250 | |a 2. pererab. i dopoln. izd. | ||
| 264 | 1 | |a Moskva |b Mašinostrojenije |c 1981 | |
| 300 | |a 276 s. | ||
| 100 | 1 | |a Barkovskij, Viktor Vasil'jevič | |
| 700 | 1 | |a Zacharov, Viktor Vasil'jevič | |
| 700 | 1 | |a Šatalov, Aleksandr Stepanovič | |